000 00728nam a2200205Ii 4500
003 JO-AjNU
008 230605s9999||||xx |||||||||||||| ||und||
040 _aJO-AjNU
_bara
_erda
_cJO-AjNU
041 _aara
050 1 4 _aK3264.B3388.1996
100 3 _a بحر ، ممدوح خليل ,
_eauthor
_914416
245 0 0 _aحماية الحياة الخاصة في القانون الجنائي " دراسة مقارنة "
250 _a(د،ط)
264 3 1 _aعمان : دار الثقافة ، 1996
300 _a656ص
336 _atext
_btxt
_2rdacontent
337 _aunmediated
_bn
_2rdamedia
338 _avolume
_bnc
_2rdacarrier
650 4 _aحقوق مدنية -- (ملكية ) قانون -- قانون جنائي
_914417
999 _aA3839
_c7407
_d7407